Made alive. (Record no. 16085)

000 -LEADER
fixed length control field 00489nam a2200169 a 4500
001 - CONTROL NUMBER
control field :::00018710$&:&@@
003 - CONTROL NUMBER IDENTIFIER
control field OkBaRHE
005 - DATE AND TIME OF LATEST TRANSACTION
control field 20100331143842.0
008 - FIXED-LENGTH DATA ELEMENTS--GENERAL INFORMATION
fixed length control field s1945 j 000 0 eng u
040 ## - CATALOGING SOURCE
Transcribing agency
100 1# - MAIN ENTRY--PERSONAL NAME
Personal name Price, Charles S.
245 10 - TITLE STATEMENT
Title Made alive.
260 ## - PUBLICATION, DISTRIBUTION, ETC. (IMPRINT)
Place of publication, distribution, etc Plainfield, New Jersey
Name of publisher, distributor, etc Logaos International
Date of publication, distribution, etc 1945
300 ## - PHYSICAL DESCRIPTION
Extent 127 p.
942 ## - ADDED ENTRY ELEMENTS (KOHA)
Source of classification or shelving scheme
Koha item type Books
Copies
Withdrawn status Full call number Permanent Location Damaged status Copy number Price effective from Source of classification or shelving scheme Date last seen Koha item type Shelving location Lost status Not for loan Barcode Date acquired
 BV 4501 .P7 M3RHEMA Bible Training College 12010-04-14 2010-04-14BooksGeneral Stacks  187102010-04-14